Statistics for UEFA Champions League winners - Top 20

Click here to take the quiz!

General Stats

  • This quiz has been taken 436 times
  • The average score is 18 of 20

Answer Stats

RankWonRunner-upCountryAnswer% Correct
1103SpainReal Madrid
100%
543SpainBarcelona
99%
355GermanyBayern Munich
99%
274ItalyMilan
99%
452EnglandLiverpool
98%
642NetherlandsAjax
97%
1025ItalyJuventus
97%
732EnglandManchester United
97%
925PortugalBenfica
96%
1220PortugalPorto
96%
1811EnglandChelsea
95%
1311ScotlandCeltic
91%
1711GermanyBorussia Dortmund
90%
832ItalyInternazionale
90%
1120EnglandNottingham Forest
85%
1611FranceMarseille
83%
2010EnglandAston Villa
73%
1910NetherlandsFeyenoord
71%
1411GermanyHamburg
69%
1511RomaniaSteaua București
50%

Score Distribution

Percentile by Number Answered

Percent of People with Each Score

Your Score History

You have not taken this quiz